| 000 | 00820nam a2200217 a 4500 | ||
|---|---|---|---|
| 003 | 0 | ||
| 005 | 20250331135733.0 | ||
| 008 | 050809s19uu xx 00 eng d | ||
| 050 |
_aPGS RD 771.B217 _b.Al357 2005 |
||
| 100 | _aAlday, Crisella. | ||
| 245 |
_aEffects of using backpacks on the occurrence of back pains / _cCrisella Alday. |
||
| 260 |
_aLas PiƱas City, Philippines : _bSouthville International School and Colleges, _c2005. |
||
| 300 |
_a21 pages : _bcolored illustrations ; _c28 cm. |
||
| 504 | _aIncludes bibliographical references. | ||
| 650 |
_aBack _vEffect of loads on health. |
||
| 650 |
_aBack pain _vCauses and prevention. |
||
| 650 |
_aBackpacks _vHealth aspects. |
||
| 650 |
_aPosture _vEffects of carrying weight. |
||
| 650 |
_aSpinal health _vImpact of heavy bags. |
||
| 942 |
_2lcc _cPASS |
||
| 999 |
_c97333 _d97333 |
||